000 06010nam0a2200601 4500
001 RU\NLR\BIBL_A\012876977
005 20221124132243.0
010 _a978-5-6045745-5-3
_9500
021 _aRU
_bАЛ-П-22-00192и
_9АЛ-П-22-0040
035 _a(NLR Aleph) 012876977
035 _a(RuMoRGB)011010415
090 _a12507304
_c12507304
100 _a20220829d2021 u y0rusy50 ca
101 0 _arus
102 _aRU
105 _aach b 010zy
181 0 _ab3
_bxb2e
181 0 _ai1
_baxxe
182 0 _an
200 1 _aВек и вечность. Изобразительное искусство России и Монголии
_eальбом-каталог [к выставке, 5 октября - 14 ноября 2021 года]
_eк 100-летию установления дипломатических отношений между Россией и Монголией
_fМинистерство культуры и архивов Иркутской области, Иркутское региональное отделение ВТОО "Союз художников России", Иркутский областной художественный музей им. В. П. Сукачёва
_gсост.: Н. С. Сысоева
_gред. ст.: М. Л. Ткачева
_gвступ. ст.: А. И. Шинковой [и др.]
203 _aИзображение
_aТекст
_bвизуальные
_cнепосредственные
210 _aИркутск
_cГосударственное бюджетное учреждение культуры Иркутский областной художественный музей им. В. П. Сукачёва
_cИРО ВТОО "Союз художников России"
_d2021
215 _a305, [1] с.
_cил., цв. ил., портр., факс.
_d30
601 0 2 _aИркутский областной художественный музей им. В.П. Сукачева
_jКаталоги
_xКоллекция изобразительного искусства
_xВыставки
_z2021
_92526066
_3RU\NLR\AUTH\6601710704
601 0 2 _aНациональный музей Республики Бурятия
_cУлан-Удэ, город
_jКаталоги
_xКоллекция изобразительного искусства
_xВыставки
_z2021
_92534315
_3RU\NLR\AUTH\6601714549
601 0 2 _aГосударственный художественный музей Алтайского края
_cБарнаул, город
_jКаталоги
_xКоллекция изобразительного искусства
_xВыставки
_z2021
_92534316
_3RU\NLR\AUTH\6601714550
606 1 _aИзобразительное искусство
_jКаталоги
_xВыставки
_yCCCР
_yБарнаул, город (Алтайский край)
_z2021
_92534327
_3RU\NLR\AUTH\6601714555
606 1 _aИзобразительное искусство монгольское
_jКаталоги
_xВыставки
_yБарнаул, город (Алтайский край)
_z19 - 20 вв.
_z2021
_92534466
_3RU\NLR\AUTH\6601714625
606 1 _aИзобразительное искусство
_jКаталоги
_xВыставки
_yРоссийская Федерация
_yБарнаул, город (Алтайский край)
_z2021
_92534462
_3RU\NLR\AUTH\6601714623
606 1 _aИзобразительное искусство
_jКаталоги
_xВыставки
_yCCCР
_yУлан-Удэ, город (Бурятия)
_z2021
_92534331
_3RU\NLR\AUTH\6601714557
606 1 _aИзобразительное искусство
_jКаталоги
_xВыставки
_yРоссийская Федерация
_yУлан-Удэ, город (Бурятия)
_z2021
_92534460
_3RU\NLR\AUTH\6601714622
606 1 _aИзобразительное искусство монгольское
_jКаталоги
_xВыставки
_yУлан-Удэ, город (Бурятия)
_z19 - 20 вв.
_z2021
_92534459
_3RU\NLR\AUTH\6601714621
606 1 _aИзобразительное искусство монгольское
_jКаталоги
_xВыставки
_yИркутск, город
_z19 -20 вв.
_z2021
_92534311
_3RU\NLR\AUTH\6601714546
606 1 _aИзобразительное искусство
_jКаталоги
_xВыставки
_yCCCР
_yИркутск, город
_z2021
_92534325
_3RU\NLR\AUTH\6601714554
606 1 _aИзобразительное искусство
_jКаталоги
_xВыставки
_yРоссийская Федерация
_yИркутск, город
_z2021
_92534312
_3RU\NLR\AUTH\6601714547
607 _aМонголия
_jКаталоги
_xв изобразительном искусстве
_92534320
_3RU\NLR\AUTH\6601714552
686 1 _aЩ101.3(2Р)-2Барнаул2 Художественный музей Алтайского края л62
686 1 _aЩ101.3(2Р)-2Иркутск2Художественный музей л62
686 1 _aЩ101.3(2Р)-2Улан-Удэ2Национальный музей Республики Бурятия л62
686 1 _aЩ103(5Мо) л52
686 1 _aЩ103(2Р)75л62
686 1 _aЩ103(0)-3 л62
686 1 _aЩ103(2)7 л62
702 1 _aСысоева
_bН. С.
_f1970-
_gНаталья Сергеевна
_4220
702 1 _aТкачева
_bМ. Л.
_gМарина Львовна
_4340
711 1 2 _a"Век и вечность. Изобразительное искусство России и Монголии", выставка
_eИркутск
_f2021
_9808029
_3RU\NLR\AUTH\880570895
712 0 2 _4570
_aСоюз художников России
_bИркутское региональное отделение
_9592393
_3RU\NLR\AUTH\880464934
942 _cBOOK
980 _aNB